Normal view
MARC view
- NOLAN,JAMES
Entry Personal Name
001 - CONTROL NUMBER
- control field: 132282
003 - CONTROL NUMBER IDENTIFIER
- control field: NUST
005 - DATE AND TIME OF LATEST TRANSACTION
- control field: 20251215160543.0
008 - FIXED-LENGTH DATA ELEMENTS
- fixed length control field: 251215|| aca||aabn | a|a d
040 ## - CATALOGING SOURCE
- Original cataloging agency: NUST
- Transcribing agency: NUST
100 ## - HEADING--PERSONAL NAME
- Personal name: NOLAN,JAMES
670 ## - SOURCE DATA FOUND
- Source citation: Work cat.: (NUST): NOLAN,JAMES., TEACHER SUPERVISION AND EVALUATION THEORY IN TO PRACTICE /, 2005.
